Linie Lotnicze według Państwa - klikanie - Statystyki

Ogólne statystyki
  • Ten quiz został rozwiązany 82 razy
  • Średni wynik to 15 z 24
Statystyki odpowiedzi
Hint Odpowiedź % Poprawnych
Lufthansa Niemcy
89%
LOT Polska
89%
Emirates Zjednoczone Emiraty Arabskie
87%
ITA Airways Włochy
84%
Iberia Hiszpania
82%
KLM Holandia
82%
Aeroflot Rosja
82%
Ryanair Irlandia
79%
Delta Stany Zjednoczone
76%
Wizz Air Węgry
76%
Qantas Australia
71%
Aegean Grecja
61%
El Al Izrael
55%
TAP Portugalia
55%
All Nippon Japonia
53%
Gulf Air Bahrajn
50%
Air Asia Malezja
45%
Virgin Atlantic Wielka Brytania
45%
Gol Brazylia
42%
Avianca Kolumbia
39%
WestJet Kanada
37%
LATAM Chile
32%
Lion Air Indonezja
32%
Cebu Pacific Filipiny
29%
Nie znaleziono quizów pasujących do podanych kryteriów
Rozkład punktacji
Procent ludzi z każdym wynikiem
Percentyl według liczby udzielonych odpowiedzi
Twoja historia wyników
Nie rozwiązałeś tego quizu